000 00258nam a2200109Ia 4500
008 190216s9999||||xx |||||||||||||| ||und||
100 _aBalakrishnan P K
245 0 _aKavyakala Kumaranashaniloode
260 _bNull
650 _aEssay Malayalam
942 _cBK
999 _c25370
_d25370